00898pam a2200205 i 4500001000700000003000500007005001700012008004100029010001700070020001500087040001800102082001400120100002100134245007000155250001200225260001100237300004300248505037900291650002200670326299NUST20231013124916.0750213s1976 nyua 001 0 eng  a 75004928  a0023659505 aDLCcDLCdDLC00a512.5,KOL1 aKolman, Bernard,10aLinear Algebra with Applications /cBernard Kolman, David R. Hill a9th ed. cc 2009 axviii, 614 , I-12 p. :bill. ;c25 cm. aLinear Equations and Matrices (Page-1), Solving Linear System (Page-86), Determinants (Page-141), Real Vector Spaces (Page-177), Inner Product Spaces (Page-290), Linear Transformations and Matrices (Page-363), Eigenvalues and Eigenvectors (page-436), Applications of Eigenvalues and Eigenvectors (Optional), Matlab for Linear Algebra (Page-561), Matlab Exercises (Page-597). 0aAlgebras, Linear.